Star Wars Characters - Sudden Death - Statistics

General Stats
  • This quiz has been taken 770 times
    764 since last reset
  • The average score is 18 of 30
Answers on the Grid
Answers color-coded by a green-red scale on the quiz's grid according to % correct below.
Yarael Poof
Mario Martinet
Commander Cody
Kit Fisto
Dengar
Princess Bubblegum
Anias Waterson
Cliegg Lars
Adi Gallia
Wedge Antilles
Velma Dinkley
Watto
Bossk
Fives
Alpa Chino
Luminara Unduli
Logray
Robert Singer
BB-8
Carrie Heffernan
Aayla Secura
King Ding Dong
Grogu
IG-88
Captain Spaulding
Yaddle
Ellen Ripley
Wanda Sykes
Savage Opress
Biggs Darklighter
Zuckuss
Katy McAllister
4-LOM
Sandy Wexler
Mildred Lars
Greef Karga
Lee Ambrosius Malfoy
Boss Nass
Mobzilla
Ki-Adi Mundi
BZ7
Obadiah Stane
Embo
Grand Moff Tarkin
Bo Katan
Darth Bane
Darth Al Ghul
Krist Novoselic
Sabine Wren
Plo Koon
 
Answer Stats
Answer % Correct
BB-8
89%
Grogu
84%
Commander Cody
83%
Kit Fisto
83%
Watto
80%
Bossk
73%
IG-88
70%
Aayla Secura
68%
Savage Opress
68%
Fives
67%
Wedge Antilles
67%
Yaddle
67%
Grand Moff Tarkin
65%
Ki-Adi Mundi
64%
Bo Katan
62%
Luminara Unduli
61%
Plo Koon
61%
Darth Bane
57%
Sabine Wren
57%
Dengar
55%
Cliegg Lars
53%
Boss Nass
52%
Biggs Darklighter
50%
Yarael Poof
50%
Adi Gallia
45%
4-LOM
41%
Greef Karga
41%
Embo
32%
Zuckuss
30%
Logray
26%
No matching quizzes found
Score Distribution
Percent of People with Each Score
Percentile by Number Answered
Your Score History
You have not taken this quiz since the last reset